| 000 | 01099nam a2200301 4500 | ||
|---|---|---|---|
| 001 | 0000021296 | ||
| 003 | CO-CtgCURN | ||
| 005 | 20250509161650.0 | ||
| 007 | ta | ||
| 008 | 160627s2004 000 0 eng d | ||
| 020 | _a9586168433 | ||
| 040 |
_aCO-CtgCURN _bspa _ccoctgcurn |
||
| 082 | 0 |
_a341.2 _bC19t |
|
| 100 | 1 | _aCavelier Gaviria, German. | |
| 245 | 1 | 0 |
_aTratados de Colombia 1985-1993 / _cGerman Cavelier. |
| 260 |
_aBogotá : _bUniversidad Externado de Colombia, _c2004. |
||
| 300 | _a732 p tomo 8. | ||
| 336 | _2rdacontent | ||
| 337 |
_2rdamedia _asin mediacion _bn |
||
| 338 |
_2rdacarrier _avolumen _bnc |
||
| 500 | _aIncluye indices. | ||
| 505 | 8 | _aPaises bajos.--Constitucion de la organizacion de las naciones unidas para el desarrollo industrial.--Organizacion consultiva maritima intergubernamental.--Venezuela. --Unesco.--Guyana.--Chile.--Paraguay.--Brasil | |
| 650 | 1 | 4 | _aTratados internacionales. |
| 651 | 0 |
_aColombia _xTratados. |
|
| 908 | _a160627 | ||
| 942 |
_cBK _h341.2 _iC19t _2ddc _n0 |
||
| 999 |
_c18878 _d18878 |
||